| 000 | 00920nam a22002535a 4500 | ||
|---|---|---|---|
| 005 | 20180304111558.0 | ||
| 008 | 180304t2010 ne a frb 001 0 eng d | ||
| 020 | _a9789048178070 | ||
| 040 |
_aEG-ScBUE _beng _cEG-ScBUE _dEG-ScBUE |
||
| 082 | 0 | 4 |
_222 _a621.384 _bPER |
| 100 | 1 | _aPerre, Liesbet van der. | |
| 245 | 1 | 0 |
_aGreen software defined radios : _benabling seamless connectivity while saving on hardware and energy / _cLiesbet van der Perre, Jan Craninckx, Antoine Dejonghe. |
| 260 |
_a[Dordrecht] : _bSpringer, _cc.2010. |
||
| 300 |
_ax, 157 p. : _bill. ; _c24 cm. |
||
| 490 | _aIntegrated circuits and systems. | ||
| 504 | _aIncludes bibliographical references and index. | ||
| 650 | 7 |
_2BUEsh _937227 _aSoftware radio. |
|
| 650 | 7 |
_937226 _aCognitive radio networks. _2BUEsh |
|
| 651 | _2BUEsh | ||
| 653 |
_bENGELC _bGGEN _cMarch2018 |
||
| 700 | 1 | _aCraninckx, J. | |
| 700 | 1 | _aDejonghe, Antoine. | |
| 942 | _2ddc | ||
| 999 |
_c26214 _d26186 |
||